| 000 | | | 03653nmc2a22002413x 450 |
| 001 | | | ad3a16eb-b9fc-4bf6-9eb7-889f23deb994 |
| 005 | | | 20241002152412.0 |
| 100 | ## | $a | 20240521l18861887k l0rusy0189 ca |
| 101 | 0# | $a | rus |
| 102 | ## | $a | RU |
| 105 | ## | $a | y### |
| 122 | 2# | $a | d |
| 200 | 1# | $a | Дело о пожаловании миссурийскому историческому обществу портретов: государя императора, великого князя Алексея Александровича и в бозе почивающего императора Александра II |
| | $j | 7 декабря 1886 г. - 25 февраля 1887 г. |
| 215 | ## | $a | 14 л. |
| | $d | 36,5х26 см |
| 251 | ## | $c | Дело |
| 300 | ## | $a | Дело |
| 371 | ## | $a | Документ не является опубликованным и широко распространяемым |
| 461 | #0 | $1 | 001RusGRCC00077061 |
| | $1 | 2001 |
| | $a | Канцелярия Министерства Императорского двора |
| | $1 | 251 |
| | $c | Фонд |
| | $1 | 852 |
| | $j | 472 |
| 462 | #0 | $1 | 0017689511b-a2ee-4aa5-8d56-38452a1b37b7 |
| | $1 | 2001 |
| | $a | Канцелярия Министерства Императорского двора. Описи дел третьего отделения третьего стола |
| | $1 | 251 |
| | $c | Опись |
| | $1 | 852 |
| | $j | 27 |
| | $l | 408-1928 |
| 801 | #0 | $a | RU |
| | $b | РГИА |
| | $c | 20240521 |
| | $g | RCR |
| 801 | #1 | $a | RU |
| | $b | ГлавНИВЦ |
| | $c | 20240521 |
| | $2 | rusmarc |
| 801 | #2 | $a | RU |
| | $b | ПБ им. Б.Н. Ельцина |
| | $c | 20241002 |
| | $g | RCR |
| | $2 | rusmarc |
| 850 | ## | $a | РГИА |
| 852 | ## | $a | РГИА |
| | $e | Федеральное казенное учреждение "Российский государственный исторический архив" (РГИА) |
| | $j | 44 |
| 937 | ## | $h | РГИА |
| | $d | 12412317 |
| | $a | ASBIBLIO_SCAN |
| 035 | ## | $a | RusGRCC00077051 |
| 856 | ## | $u | http://readingroom.main.prlib.ru/item.aspx?id_node=n194204115&mode=full |